| 000 | 01145njm a2200349 c 4500 | ||
|---|---|---|---|
| 003 | BLK | ||
| 005 | 20240823005405.0 | ||
| 008 | 180410b bul||n||s|||||||| n|bulo| | ||
| 010 | _aCDD00001182000 | ||
| 040 | _aBLK | ||
| 041 |
_aDEU _cDEU _hENG |
||
| 080 |
_aСимфонии _b785.082.1 _x _z785.082.1 |
||
| 100 | 1 |
_aMahler, Gustav _917569 |
|
| 700 | 1 |
_aБахметьев, П. _e* _9387511 |
|
| 700 | 1 |
_aMitteldeutschen Rundfunk Sinfonieorchester _918917 |
|
| 700 | 1 |
_aLuisi, Fabio _eдиригент _917346 |
|
| 139 |
_aMahler, Gustav _bM 18 |
||
| 245 | 1 | 0 |
_aSinfonie Nr.5 [CD Audio] _bIn cis-moll _cGustav Mahler; * П. Бахметьев; Mitteldeutschen Rundfunk Sinfonieorchester; диригент Fabio Luisi. |
| 257 | _aDEU | ||
| 260 |
_аLeipzig _bGIB Classics _c1999 |
||
| 300 |
_c12 см. Stereo _fбр. в к-т _g1 CD |
||
| 306 | _a76 мин., 28 сек. | ||
| 380 | _a7 | ||
| 650 | 4 |
_aСимфонии _9170960 |
|
| 653 | _aсимфонии | ||
| 852 |
_aЦб CD 1723 _p0 |
||
| 856 | 4 |
_qpdf _u |
|
| 856 | 4 |
_qpdf _u |
|
| 942 |
_cCDD _n0 |
||
| 944 |
_aCR _c01.09.2010 _k _lCRON CRON |
||
| 944 |
_aED _c02.11.2010 _k |
||
| 999 |
_c218681 _d218681 |
||